000 01544naa a22003737a 4500
001 BR9605920
003 BR-BrBNA
005 20240918181607.0
007 ta
008 230509b bl.||||| |||| 00| 0 por d
040 _aBR-BrBNA
_bpor
_cBiblioteca Nacional de Agricultura
041 _a(Pt)
072 _aF60
_b0336
_b0230
090 _aF60 BR9605920
100 1 _aLeandro, W.M.
100 1 _aOliveira Junior, J.P. de
100 1 _aBrasil, E.M.
100 1 _aOliveira, S.A.
100 1 _aChitolina, J.C.
100 1 _aReis, R.T.
100 1 _aMagalhaes, R.T.
100 1 _aBotelho, S.A.
111 1 _a8. Simposio sobre o Cerrado
_cBrasilia, DF (Brazil)
_d24-29 Mar 1996
245 1 _aDiagnose foliar na cultura da soja em areas de implantacao da cultura da cana-de-acucar em Goianesia-GO, Brasil
260 3 _aPlanaltina, DF (Brasil):
_c1996.
500 _aPereira, R.C.; Nasser, L.C.B.(eds.) 8. Simposio sobre o Cerrado. Anais. Biodiversidade e producao sustentavel de alimentos e fibras nos cerrados Planaltina, DF (Brasil): 1996. p. 334-336 (BR9605920-AM)F60
650 _aSoja
650 _aCana de Acucar
650 _aAnalise Foliar
650 _aGoias
773 0 _t8. Simposio sobre o Cerrado. Anais. Biodiversidade e producao sustentavel de alimentos e fibras nos cerrados
_aPereira, R.C.; Nasser, L.C.B.(eds.). Centro de Pesquisa Agropecuaria dos Cerrados, Planaltina, DF (Brasil)
_wF60 BR9605920
_gPlanaltina, DF (Brasil), 1996. p. 334-336
909 _a202404
_bLucia
_c55
_dLucia Elande
942 _cAM
_2AGRIS
999 _c325994
_d325994